000 00537cam a2200193 4500
001 3613
005 20250404160935.0
008 070228s2007 nyu 000 1 eng
010 _a 2007008679
020 _a9780415107891
082 _a306.01 MIL
100 1 _aMiller, Daniel.
245 1 2 _aWorlds apart :
_bmodernity through the prism of the local.
260 _aLondon :
_bTaylor & Francis Group,
_c1995.
300 _aix, 267 p. ;
_c26 cm.
650 0 _aFamilies
_vFiction.
651 0 _aAfghanistan
_vFiction.
942 _2ddc
_cMAIN
999 _c10191
_d10192